000 00366nam a2200145Ia 4500
008 210210b1990 xxu||||| |||| 00| 0 eng d
082 _a796.358092 BALS
100 _aBALA (Dev Kumar).
245 _aSura's 101 world famous cricketers.
260 _aMadras
_bSura books ltd
_c1990
300 _a255
650 _aCricketers
690 _aBiography
906 _a045562
999 _c94700
_d94700